LEADER 01178nam a2200289 a 4500 001 000000124494 003 CaOOAMICUS 005 20110303104625.0 008 110303t2010 it u000 u ita r 020 $a978-88-348-8802-5 040 $aPUL$bita 082 04$a346.4507 100 1 $aLanfranchi, Lucio.$0(OLS)http://pul/name/37163 245 10$aCostituzione e procedure concorsuali /$cLucio Lanfranchi. 260 $aTorino :$bGiappichelli,$cİ2010. 300 $aXII, 265 p. ;$c24 cm. 504 $aBibliografia in nota. 650 14$aDiritto costituzionale$zItalia.$0(OLS)http://pul/subject/5313 650 4$aDiritto processuale civile.$0(OLS)http://pul/subject/1785 850 $aPUL 852 $aPUL$W1$xSL Diritto e Scienze Sociali 3$y79$m346. 4507 LANLU 1$j143328$qDDC 21$B142362$CPULBib$Z2$F142362 $H116229 $82 941 1 $a9 996 $6020$a978-88-348-8802-5$9(OLS)http://pul/number/146512 996 $6082$a346.4507$9(OLS)http://pul/classification/1803 996 $6245$aCostituzione e procedure concorsuali$9(OLS)http://pul/title/156940 996 $6260$aTorino :$bGiappichelli$9(OLS)http://pul/publisher/48244 LEADER 01940nam a2200397 a 4500 001 000000132498 003 CaOOAMICUS 005 20130201171122.0 008 130201s2012 it o u000 u ita r 020 $a978-88-382-4181-9 040 $aPUL$bita 082 $a282.0924 100 0 $aPaulus PP.$bVI,$cs.,$d1897-1978.$0(OLS)http://pul/name/1432 245 00$aCarteggio /$cGiovanni Battista Montini Paolo VI. 260 $aRoma :$bStudium ;$aBrescia :$bIstituto Paolo VI,$cİ2012. 300 $a<2> v. :$bfotog. ;$c25 cm 504 $aInclude riferimenti bibliografici ed indice. 505 $aV. I-II : Carteggio 1914-1923 / a cura di Xenio Toscani con la collaborazione di Renato Papetti e Caterina Vianelli. 600 04$aPaulus PP.$bVI, s.,$d1897-1978$xCorrispondenza$y1900-1942.$0(OLS)http://pul/subject/36738 700 1 $aToscani, Xenio,$d1941-$0(OLS)http://pul/name/21597 700 1 $aPapetti, Renato.$0(OLS)http://pul/name/34795 700 1 $aVianelli, Caterina.$0(OLS)http://pul/name/85330 850 $aPUL 852 $aPUL$W1$xSL Religione 3$y85$m282. 0924 MONGI 2.1$j152473$av. 1$qDDC 21$B151823$CPULBib$Z2$F151823 $H121547 $82 852 $aPUL$W1$xSL Religione 3$y85$m282. 0924 MONGI 2.2$j152474$av. 2$qDDC 21$B151824$CPULBib$Z2$F151824 $H121548 $82 900 $aMontini, Giovanni Battista,$cs.,$d1897-1978$91432 900 $aPaolo$bVI,$cpapa, b.,$d1897-1978$91432 910 $aPapi (1963-1978 : Paulus PP. VI)$91432 910 $aPapi (1963-1978 : Paulus PP. VI)$91432 941 1 $a9 996 $6020$a978-88-382-4181-9$9(OLS)http://pul/number/151662 996 $6082$a282.0924$9(OLS)http://pul/classification/458 996 $6245$aCarteggio$9(OLS)http://pul/title/29808 996 $6260$aRoma :$bStudium$9(OLS)http://pul/publisher/47892 996 $6260$aBrescia :$bIstituto Paolo VI$9(OLS)http://pul/publisher/50785